Geomarketingové analýzy vo vybranej lokalite SR

Oboznámenie sa s pojmom geomarketingových analýz a možnosti ich aplikácie na rôzne oblasti riadenia firiem. Aplikácia jednej z týchto analýz na skúmaný objekt.

Enregistré dans:
Détails bibliographiques
Auteur principal: Rehák, Róbert, 1984-
Autres auteurs: Zezula, Radoslav
Format: Chapitre de livre
Langue:slovaque
Sujets:
Tags: Ajouter un tag
Pas de tags, Soyez le premier à ajouter un tag!

MARC

LEADER 00000nla a2200000 4500
001 0164097
005 20251210131813.0
041 0 |a slo 
044 |a SK 
245 1 0 |a Geomarketingové analýzy vo vybranej lokalite SR  |c Róbert Rehák, Radoslav Zezula 
520 |a Oboznámenie sa s pojmom geomarketingových analýz a možnosti ich aplikácie na rôzne oblasti riadenia firiem. Aplikácia jednej z týchto analýz na skúmaný objekt. 
610 2 0 |a marketing územia 
610 2 0 |a geomarketing 
610 2 0 |a systémy informačné geografické 
610 2 0 |a marketing mix 
610 2 0 |a lokalizácia 
610 2 0 |a vybavenosť občianska 
610 2 0 |a spotrebitelia 
100 1 |a Rehák, Róbert, 1984- 
700 1 |a Zezula, Radoslav